00426cam a22001097a 4500008004000000082003100040100002500071245009800096260004600194300001100240440006500251180718b1983 xxu||||| |||| 00| 0 eng d aA81x54 In2/81/11/PT13B/RAT aCensus of India 1981 aMadhya Pradesh district census handbook, Ratlam: village and townwise primary census abstract aBhopalbThe Govt. of Madhya Pradeshc1983 a151+p. aCensus of India 1981. Series-11, Madhya Pradesh. Part XIII-B